67 Typing Challenge - Statistics

General Stats
  • This quiz has been taken 1,625 times
    1,622 since last reset
  • The average score is 65 of 67
Answer Stats
Answer % Correct
67
100%
67
99%
67
99%
67
99%
67
99%
67
99%
67
99%
67
99%
67
98%
67
98%
67
98%
67
98%
67
98%
67
98%
67
98%
67
98%
67
98%
67
98%
67
98%
67
98%
67
98%
67
98%
67
98%
67
98%
67
98%
67
98%
67
98%
67
98%
67
98%
67
97%
67
97%
67
97%
67
97%
67
97%
67
97%
67
97%
67
97%
67
97%
67
97%
67
97%
67
97%
67
97%
67
97%
67
97%
67
97%
67
97%
67
97%
67
97%
67
97%
67
97%
67
97%
67
97%
67
97%
67
97%
67
97%
67
97%
67
97%
67
97%
67
97%
67
97%
67
97%
67
97%
67
97%
67
97%
67
97%
67
97%
67
97%
No matching quizzes found
Score Distribution
Percent of People with Each Score
Percentile by Number Answered
Your Score History
You have not taken this quiz since the last reset